| 000 | 01036cam a2200301 i 4500 | ||
|---|---|---|---|
| 001 | 18933 | ||
| 003 | CO-MdFUSB | ||
| 005 | 20220813085817.0 | ||
| 008 | 220813t2011 sp |||| |||| 00| 0 spa d | ||
| 020 | _a9788424919375 | ||
| 040 |
_bspa. _aCO-MdFUSB _cCO-MdFUSB _dCO-MdFUSBC _erda |
||
| 041 | _aspa | ||
| 082 | 0 | 4 | _aR C5685d v7 |
| 100 | 1 |
_aCicerón _eAutor |
|
| 245 | 1 | 0 |
_aDiscursos VII / Cicerón ; _c/ introducción, traducción y notas por José María Requejo Prieto |
| 260 | _aGredos | ||
| 264 | 1 |
_aMadrid : _bGredos, _c[2011] |
|
| 264 | 4 | _c© 2011 | |
| 300 |
_a382 páginas _c; |
||
| 336 |
_2rdacontent _atexto _btxt |
||
| 337 |
_2rdamedia _asin mediación _bn |
||
| 338 |
_2rdacarrier _avolumen _bnc |
||
| 501 | _apasta dura | ||
| 505 | _aEn defensa de Marco Tulio -- En defensa de Marco Fonteyo -- En defensa de Gayo Rabirio -- En defensa de Publio Cornelio Sila -- En defensa de Gayo Rabirio Póstumo -- Los discursos Cesarianos | ||
| 650 | 1 | 4 | _aORATORIA LATINA \ OBRA CLASICA |
| 942 | _cBK | ||
| 945 | _aEstudiante | ||
| 999 |
_c45326 _d45326 |
||